header

Eschatological sanctuary in Exodus 15:17 and related texts (Record no. 47890)

MARC details
000 -LEADER
fixed length control field 01265nam a2200313Ia 4500
100 1# - MAIN ENTRY--AUTHOR NAME
Personal name Chen, Kevin,
245 10 - TITLE STATEMENT
Title Eschatological sanctuary in Exodus 15:17 and related texts
260 ## - PUBLICATION, DISTRIBUTION, ETC. (IMPRINT)
Place of publication New York :
Name of publisher P. Lang,
Year of publication c2013.
300 ## - PHYSICAL DESCRIPTION
Number of Pages 158 p.
490 0# - SERIES STATEMENT
Series statement Studies in biblical literature,
650 #0 - SUBJECT ADDED ENTRY--TOPICAL TERM
Topical Term Eschatology.
856 40 - ELECTRONIC LOCATION AND ACCESS
Uniform Resource Identifier http://site.ebrary.com/lib/rucke/Doc?id=10634624

No items available.

© 2026 Rongo University
Contact us: librarian | system librarian | Rongo university